Normal view
MARC view
- Kumar, Surender , Singh, R.K , Jha, S.K
Entry Personal Name
001 - CONTROL NUMBER
- control field: 63227
003 - CONTROL NUMBER IDENTIFIER
- control field: NUST
005 - DATE AND TIME OF LATEST TRANSACTION
- control field: 20210628203101.0
008 - FIXED-LENGTH DATA ELEMENTS
- fixed length control field: 210628|| aca||aabn | a|a d
040 ## - CATALOGING SOURCE
- Original cataloging agency: NUST
- Transcribing agency: NUST
100 ## - HEADING--PERSONAL NAME
- Personal name: Kumar, Surender , Singh, R.K , Jha, S.K
670 ## - SOURCE DATA FOUND
- Source citation: Work cat.: (NUST): Kumar, Surender , Singh, R.K , Jha, S.K, Value engineering , a fast track to profit improvement and business excellence, 2005
